Top 30 Doctor Who Writers by Run-Time Quiz Stats

Quiz not verified by Sporcle

Challenge
Share
Tweet
Embed
Score 0/30 Timer 10:00
0 Plays Today
Run-time (minutes) Writer % Correct
2165Steven Moffat
96.9%
1593Russell T Davies
92.7%
1660Robert Holmes
81.3%
415Mark Gatiss
80.2%
1400Terry Nation
71.9%
750Terrance Dicks
68.8%
950Bob Baker
65.6%
315Jane Baker
59.4%
315Pip Baker
59.4%
1000David Whitaker
58.3%
1350Malcolm Hulke
55.2%
380Eric Saward
51%
300Gerry Davis
51%
375John Lucarotti
50%
300Christopher H Bidmead
49%
Run-time (minutes) Writer % Correct
850Dave Martin
44.8%
285Gareth Roberts
43.8%
325Toby Whithouse
40.6%
325Don Houghton
40.6%
500Dennis Spooner
38.5%
375Louis Marks
35.4%
300Chris Boucher
35.4%
750Brian Hayles
33.3%
300Mervyn Haisman
31.3%
300Henry Lincoln
31.3%
300Ian Stuart Black
30.2%
300Peter Grimwade
30.2%
400David Fisher
28.1%
450Robert Sloman
26%
300Johnny Byrne
25%

You're not logged in!

Compare scores with friends on all Sporcle quizzes.
Sign Up with Email
OR
Log In

You Might Also Like...

Show Comments

Extras

Top Quizzes Today


Score Distribution

Your Account Isn't Verified!

In order to create a playlist on Sporcle, you need to verify the email address you used during registration. Go to your Sporcle Settings to finish the process.